000 00488nam a2200169Ia 4500
008 090201s9999 xx 000 0 und d
010 _aKPL-30389
040 _bमराठी
041 _aमराठी
082 _a27711
_b30389
100 _aशरद जोगळेकर
245 _aसुगंध
_cशरद जोगळेकर
260 _c2004
_bनुतन प्रकाशन
300 _a148
_bमोठा
600 _aसुगंध
942 _cBOOK
999 _c226537
_d226537